000 01279nam a22002417a 4500
999 _c60570
_d60570
005 20230907114010.0
008 230907s2018 gw ||||| |||| 00| 0 ger d
020 _a 9789941800214
041 _aeng
080 _a903(479) P-70
100 _aPitskhelauri, Kote
_919782
245 _aKaukasien und Seine Nachbarn Im VI.-II. jt. v. Chr = კავკასია და გარე სამყარო ძვ. წ. VI-II ათასწლეულებში /
_cKote Pitskhelauri; Redakture: Nikoloz Antidze, David Lomitaschvili.
264 _aTbilisi,
_c2018.
300 _a336 p. :
_bill.;
_c24 cm.
521 _aწიგნი არის გერმანულ და ქართულ ენაზე
653 _aკავკასია და მისი მეზობლები
653 _aკავკასია -- არქეოლოგიური კულტურა
653 _aევროპა -- არქეოლოგიური კულტურა
653 _aპრეისტორიული არქეოლოგიური კულტურა
700 _aAntidze, Nikoloz
_eრედაქტორი
_919783
700 _aLomitaschvili, David
_eრედაქტორი
_919784
942 _2udc
_cBK